01327nam a2200337Ia 4500001001200000003000800012006001900020007001500039008004100054010001700095020002700112020003000139020001800169040002100187035002100208050002700229082001700256245014500273260004900418300003700467504005100504533015200555650001200707650003800719655002900757700002200786700002100808710001700829856012600846999001700972ebr10659054CaPaEBRm u cr cn|||||||||090210s2009 nyua sb 001 0 eng d z 2009004983 z1606926608 (hardcover) z9781606926604 (hardcover) z9781617618680 aCaPaEBRcCaPaEBR a(OCoLC)66948990814aTK7874b.I47142 2009eb04a621.381522200aIntegrated circuits, photodiodes and organic field effect transistorsh[electronic resource] /cRobert McIntire and Pierre Donnell, editors. aNew York :bNova Science Publishers,cc2009. axiii, 442 p. :bill. (some col.) aIncludes bibliographical references and index. aElectronic reproduction.bPalo Alto, Calif. :cebrary,d2013.nAvailable via World Wide Web.nAccess may be limited to ebrary affiliated libraries. 0aDiodes. 0aOrganic field-effect transistors. 7aElectronic books.2local1 aMcIntire, Robert.1 aDonnell, Pierre.2 aebrary, Inc.40uhttp://site.ebrary.com/lib/rucke/Doc?id=10659054zAn electronic book accessible through the World Wide Web; click to view c64461d64461